000 00757nam a2200253Ia 4500
003 OSt
005 20220918165534.0
006 a|||||r|||| 00| 0
007 ta
008 220917b |||||||| |||| 00| 0 eng d
020 _a8125006370 (pbk)
_c275
024 _a234,916
037 _bDU0014, 01/02/2008, Independent Publishers Group
_cTextual
040 _aARTS
_cARTS
_beng
041 _2eng
_aeng
082 _aY592, P4
100 _aKothari Rajni Ed.
_924655
245 0 _aCase in Indian politics
260 _aDelhi
_bOrient Longman India
_c2004
300 _ax,361p.
_ccm.
650 _aSOCIOLOGY
942 _hY592, P4
_cTEXL
_2CC
999 _c130262
_d130262